| 000 | 01182nam a22002777a 4500 | ||
|---|---|---|---|
| 005 | 20220103163816.0 | ||
| 008 | 220103b ||||| |||| 00| 0 eng d | ||
| 020 | _a0749400676 | ||
| 040 | _cAL | ||
| 041 | _aeng | ||
| 082 |
_223 _a341.2422 _bRONE |
||
| 100 |
_aAlex Roney _912349 |
||
| 245 | _aEuropean Community: Fact Book | ||
| 260 |
_aLondon: _bKogan Page, _c1990. |
||
| 300 |
_axiii,187 p. _bPB _c21x13 cm. |
||
| 365 |
_b9.95 _c£ _d9.95 |
||
| 520 | _aThis book is for students or business men with little knowledge of how to go about the practicalities of doing business in Europe. It includes current legislation, directives and initiatives in a convenient question and answer format, and it describes how the EC works, the aims, size and structure, policies and developing areas of influence of the Commission, business strategies and economic and social policies. | ||
| 650 |
_aEuropean Community _912342 |
||
| 650 |
_aEC Legislation _912343 |
||
| 650 |
_aBudget and the Different Ec Funds _912344 |
||
| 650 |
_aSingle European Act _912345 |
||
| 650 |
_aTaxation _912346 |
||
| 650 |
_aTransport Policy _912347 |
||
| 700 |
_aRONEY (Alex) _912348 |
||
| 942 |
_2ddc _cGF |
||
| 999 |
_c221054 _d221054 |
||